000 01016 a2200289 i 4500
001 265283533
003 MePoLT
005 20240607112650.0
008 240606b ||||| |||| 00| 0 eng d
020 _a9781119833932
038 _aMalang Jan
040 _aMePoLT
_cMePoLT
_erda
082 _a720.92
_bSER
090 4 _aNA2708.H373
245 0 0 _aSerious Fun:
_bThe Arty-tecture of Will Alsop/
_cedited by Samantha Hardingham
264 1 _aLondon:
_bJohn wiley & Sons;
_c2022.
300 _a136p.:
_bill;
_c27cm.
440 1 0 _aArchitectural design
_933235
490 1 0 _aArchitectural design
_vvol:92,no:05
520 _aSerious Fun: The Arty-tecture of Will Alsop (Architectural Design) by Samantha Hardingham (2022)
650 _aArchitecture, Modern
_932028
650 _aArchitecture, Modern
_z20th century
_9123340
650 _aArchitecture
_zModern 21st century
_9123339
700 1 _aHardingham,Samantha
_9123304
942 _2ddc
_cBK
999 _c609534
_d609534